[Event "BRA CEAX op 3rd"]
[Site "Vitoria"]
[Date "2003.08.16"]
[Round "4"]
[White "Cortes, M."]
[Black "Bonfim, Hudson Soares Do"]
[Result "1-0"]
[WhiteElo "1800"]
[BlackElo "1839"]
[PlyCount "47"]
[EventDate "2003.08.??"]
[EventType "swiss"]
[EventRounds "6"]
[EventCountry "BRA"]
[SourceTitle "EXT 2006"]
[Source "ChessBase"]
[SourceDate "2005.11.24"]
[SourceVersion "1"]
[SourceVersionDate "2005.11.24"]
[SourceQuality "1"]

1. Nf3 e6 2. g3 b6 3. Bg2 Bb7 4. c4 c5 5. 0-0 d5 6. cxd5 Bxd5 7. Nc3 Bb7 8. d4 cxd4 9. Nxd4 Bxg2 10. Kxg2 Be7 11. Qa4+ Qd7 12. Ncb5 Nc6 13. Rd1 Qb7 14. Kg1 Kf8 15. Bf4 Nxd4 16. Rxd4 Bf6 17. Nd6 Qe7 18. Rd2 g6 19. Rad1 Kg7 20. Ne4 Qf8 21. Nxf6 Nxf6 22. Be5 Qc5 23. Qf4 Qe7 24. Rd7 1-0

[Event "BRA CEAX op 3rd"]
[Site "Vitoria"]
[Date "2003.08.15"]
[Round "1"]
[White "Lahud, Tarcisio Jose"]
[Black "Cortes, M."]
[Result "1-0"]
[WhiteElo "1949"]
[BlackElo "1800"]
[PlyCount "105"]
[EventDate "2003.08.??"]
[EventType "swiss"]
[EventRounds "6"]
[EventCountry "BRA"]
[SourceTitle "EXT 2006"]
[Source "ChessBase"]
[SourceDate "2005.11.24"]
[SourceVersion "1"]
[SourceVersionDate "2005.11.24"]
[SourceQuality "1"]

1. d4 Nf6 2. Nf3 e6 3. h3 b6 4. Bf4 Bb7 5. e3 d5 6. Bd3 Nbd7 7. Nbd2 c5 8. c3 Be7 9. 0-0 0-0 10. Rc1 Re8 11. Re1 Nf8 12. Bb5 N8d7 13. Ne5 Nxe5 14. dxe5 Nd7 15. Qa4 Nf8 16. Bxe8 Qxe8 17. Qxe8 Rxe8 18. e4 Ng6 19. g3 Bd8 20. exd5 exd5 21. Re2 Re6 22. Nf3 h6 23. b4 Bc7 24. bxc5 bxc5 25. Rb1 Bb6 26. Nd2 Ne7 27. Nb3 Ba6 28. Ree1 Nc6 29. Kg2 c4 30. Nd4 Bxd4 31. cxd4 Nxd4 32. Red1 Ne2 33. Rb8+ Kh7 34. Rxd5 c3 35. Rc5 Bd3 36. Be3 Ra6 37. Rb7 Be4+ 38. Kf1 Bxb7 39. Kxe2 Rxa2+ 40. Kd3 c2 41. Rc7 Bd5 42. Kd2 Be6 43. g4 a5 44. f4 g6 45. f5 gxf5 46. gxf5 c1Q+ 47. Kxc1 Ra1+ 48. Kb2 Ra2+ 49. Kc3 Ra3+ 50. Kd4 Ra4+ 51. Kc5 Rc4+ 52. Kd6 Rxc7 53. fxe6 1-0